| 000 | 01039cab a2200193 4500 | ||
|---|---|---|---|
| 001 | L130869 | ||
| 008 | 050908n2005 000 0 eng u | ||
| 035 | _a(Sirsi) u130869 | ||
| 041 | _aeng | ||
| 100 | _aWhitters, Bernadette | ||
| 245 | _aProperty: resulting and constructive trusts | ||
| 260 | _c2005 | ||
| 490 |
_aEMIS Property Service _v3(8) August 2005, 3-5(3) |
||
| 520 | _aDiscusses the topics of resulting and constructive trusts. Resulting trusts arise when either a property owner transfers his property to another, without disposing of the whole interest; where the property is conveyed to a volunteer; or where a property is bought in the name of one party with funds, either wholly or in part from another. Constructive trusts are imposed by courts where the parties have entered into an agreement. Where either a non-owner has an interest or should benefit from an interest in the property. | ||
| 590 | _aIKA130905 | ||
| 690 | _aPROPERTY-PROPERTY ACQUISITION AND DISPOSAL | ||
| 700 | _aHanbury, William | ||
| 942 | _n0 | ||
| 999 |
_c75853 _d75853 |
||